Indian social and economic development 1989: An index to the literature (Record no. 1110)

MARC details
000 -LEADER
fixed length control field 00394nam a2200133Ia 4500
020 ## - INTERNATIONAL STANDARD BOOK NUMBER
ISBN 0-8039-9629-2
082 ## - DEWEY DECIMAL CLASSIFICATION NUMBER
Classification number RR 016.3091 IND-
245 #0 - TITLE STATEMENT
Title Indian social and economic development 1989: An index to the literature
260 ## - PUBLICATION, DISTRIBUTION, ETC. (IMPRINT)
Place of publication New Delhi
Name of publisher Sage Publications
Year of publication 1989
300 ## - PHYSICAL DESCRIPTION
Number of Pages 206p.
504 ## - BIBLIOGRAPHY, ETC. NOTE
Bibliography, etc Includes index
710 ## - ADDED ENTRY--CORPORATE NAME
Corporate name or jurisdiction name as entry element Centre for Development of Instructional Technology
942 ## - ADDED ENTRY ELEMENTS (KOHA)
Koha item type Books
Holdings
Withdrawn status Lost status Damaged status Not for loan Home library Current library Date acquired Bill Date Full call number Accession Number Price effective from Koha item type
        NASSDOC Library NASSDOC Library 08/10/2004 2004-10-22 RR 016.3091 IND- 29379 18/04/2019 Books
        NASSDOC Library NASSDOC Library 08/10/2004 2008-12-30 RR 016.3091 IND- 35924 18/04/2019 Books